Genderless Pokemon - Statistics

General Stats
  • This quiz has been taken 2,163 times
    1,695 since last reset
  • The average score is 56 of 75
Answer Stats
Type 1 Type 2 Answer % Correct
Ice Flying Articuno
90%
Electric Steel Magnemite
90%
Electric Steel Magneton
90%
Psychic Mew
90%
Fire Flying Moltres
90%
Electric Flying Zapdos
90%
Psychic Mewtwo
89%
Fire Flying Ho-Oh
84%
Psychic Flying Lugia
84%
Steel Dragon Dialga
82%
Ground Groudon
82%
Water Kyogre
82%
Water Dragon Palkia
82%
Psychic Grass Celebi
81%
Fire Entei
81%
Electric Raikou
81%
Ice Regice
81%
Rock Regirock
81%
Steel Registeel
81%
Water Suicune
81%
Dragon Flying Rayquaza
80%
Electric Voltorb
80%
Electrc Electrode
79%
Ghost Dragon Giratina
79%
Electric Steel Magnezone
78%
Normal Arceus
77%
Dark Darkrai
76%
Dragon Fire Reshiram
76%
Dragon Electric Zekrom
76%
Steel Psychic Jirachi
75%
Electric Ghost Rotom
75%
Normal Ditto
74%
Dragon Ice Kyurem
74%
Steel Psychic Metagross
74%
Steel Psychic Metang
74%
Normal Regigigas
74%
Steel Psychic Beldum
73%
Psychic Deoxys
73%
Water Psychic Starmie
73%
Water Staryu
73%
Fairy Xerneas
73%
Grass Shaymin
72%
Psychic Azelf
71%
Steel Fighting Cobalion
71%
Water Manaphy
71%
Water Phione
71%
Rock Fighting Terrakion
71%
Psychic Uxie
71%
Psychic Fire Victini
71%
Grass Fighting Virizion
71%
Dark Flying Yveltal
71%
Rock Fairy Diancie
70%
Psychic Mesprit
70%
Bug Ghost Shedinja
70%
Dragon Ground Zygarde
70%
Water Fighting Keldeo
69%
Normal Porygon
69%
Ground Psychic Claydol
68%
Bug Steel Genesect
68%
Ground Psychic Baltoy
67%
Rock Psychic Lunatone
67%
Rock Psychic Solrock
67%
Steel Klink
66%
Normal Psychic Meloetta
66%
Normal Porygon2
65%
Steel Psychic Bronzong
64%
Steel Psychic Bronzor
64%
Steel Klang
64%
Steel Klinklang
64%
Normal Porygon-Z
64%
Rock Fairy Carbink
63%
Ground Ghost Golurk
61%
Ice Cryogonal
60%
Ground Ghost Golett
60%
Psychic Unown
59%
No matching quizzes found
Score Distribution
Percent of People with Each Score
Percentile by Number Answered
Your Score History
You have not taken this quiz since the last reset